00362nam a2200133 a 45000010010000000030011000100080041000210350026000620820014000881000021001022450033001232600053001566500019002090000-9340ELIB.Books110520 0000  a(ELIB.Books)0000-9492 a248 bPoo aPoole, Arnold B. aWhen Your Faith Goes to Work bFlorida: The Pine Shores Presbyterian Church c0 aChristian Life